| 000 | 00772pam a2200241 a 4500 | ||
|---|---|---|---|
| 001 | 4834677 | ||
| 003 | OSt | ||
| 005 | 20240709104554.0 | ||
| 008 | 900126s1991 nyua b 001 0 eng | ||
| 010 | _a 90031462 | ||
| 020 | _a0393960366 | ||
| 040 |
_aDDC _cMUST |
||
| 082 | 0 | 0 |
_a338.5 MAN 1991 _219 |
| 100 | 1 |
_aMansfield, Edwin. _918511 |
|
| 245 | 1 | 0 |
_aMicroeconomics : _btheory, applications / _cEdwin Mansfield. |
| 250 | _a7th ed. | ||
| 260 |
_aNew York : _bNorton, _cc1991. |
||
| 300 |
_a v. (various pagings) : _bill. ; _c25 cm. |
||
| 504 | _aIncludes bibliographical references and index. | ||
| 650 | 0 |
_aMicroeconomics. _94398 |
|
| 942 |
_2ddc _cO_SHELF |
||
| 999 |
_c9097 _d9097 |
||